[Event "Botvinnik 100th Open"]
[Site "St Petersburg RUS"]
[Date "2011.08.20"]
[Round "9"]
[White "Yakovich, Yuri"]
[Black "Savchenko, Boris"]
[Result "1-0"]
[WhiteTitle "GM"]
[BlackTitle "GM"]
[WhiteElo "2539"]
[BlackElo "2615"]
[WhiteFideId "4100654"]
[BlackFideId "4147332"]
[EventDate "2011.08.12"]

1. d4 Nf6 2. c4 g6 3. Nc3 Bg7 4. e4 O-O 5. Be2 c6 6. e5 Ne8 7. f4 f6 8. Nf3 fxe5
9. Nxe5 Na6 10. Be3 Nac7 11. O-O Nf6 12. Kh1 Kh8 13. Qd2 d6 14. Nf3 Be6 15. Ng5
Bg8 16. f5 gxf5 17. Rxf5 Qd7 18. Rff1 d5 19. cxd5 Nfxd5 20. Bg1 Nxc3 21. Qxc3
Nb5 22. Bxb5 cxb5 23. h3 Rxf1 24. Rxf1 Bxa2 25. Qd3 Bg8 26. Nf7+ Bxf7 27. Rxf7
Rf8 28. Rxf8+ Bxf8 29. d5 Bg7 30. Bd4 Bxd4 31. Qxd4+ Kg8 32. Qxa7 Qxd5 33. Qe3
Kf7 34. Kh2 Qd6+ 35. Kh1 Qc6 36. b3 e6 37. Qf4+ Ke8 38. Qe5 Kf7 39. Qh5+ Kf6 40.
Qxh7 e5 41. Qh6+ Kf5 42. Qh5+ Kf4 43. h4 Qc1+ 44. Kh2 Ke4 45. Qg6+ Kd4 46. Qf6
Kd5 47. h5 Qc7 48. h6 e4+ 49. Kh3 e3 50. Qf5+ Kd4 51. h7 Qd8 52. Qg4+ Kc3 53.
Qg7+ 1-0

[Event "Botvinnik 100th Open"]
[Site "St Petersburg RUS"]
[Date "2011.08.20"]
[Round "9"]
[White "Yemelin, Vasily"]
[Black "Neverov, Valeriy"]
[Result "0-1"]
[WhiteTitle "GM"]
[BlackTitle "GM"]
[WhiteElo "2592"]
[BlackElo "2500"]
[WhiteFideId "4113217"]
[BlackFideId "14100150"]
[EventDate "2011.08.12"]

1. d4 Nf6 2. Bg5 e6 3. Nd2 h6 4. Bh4 c5 5. e4 d5 6. exd5 Qxd5 7. Ngf3 cxd4 8.
Bc4 Qa5 9. O-O Nc6 10. Nb3 Qb4 11. Qe2 Be7 12. Nbxd4 Nxd4 13. Nxd4 O-O 14. c3
Qc5 15. Rad1 Bd7 16. Bb3 Rad8 17. Rfe1 Rfe8 18. Bc2 Nd5 19. Qe4 g6 20. Bb3 Bc8
21. Bg3 Bf6 22. Nf3 Ne7 23. Qf4 Nf5 24. Qc7 Qe7 25. Qxe7 Bxe7 26. Bc7 Rxd1 27.
Rxd1 f6 28. Nd4 Nxd4 29. cxd4 Bf8 30. h4 Bd7 31. d5 Kg7 32. d6 Kf7 33. f4 f5 34.
Rd4 Rc8 35. Bd1 Rxc7 0-1

[Event "Botvinnik 100th Open"]
[Site "St Petersburg RUS"]
[Date "2011.08.20"]
[Round "9"]
[White "Sedlak, Nikola"]
[Black "Geller, Jakov"]
[Result "0-1"]
[WhiteTitle "GM"]
[BlackTitle "IM"]
[WhiteElo "2580"]
[BlackElo "2535"]
[WhiteFideId "922900"]
[BlackFideId "4151984"]
[EventDate "2011.08.12"]

1. d4 d5 2. c4 e6 3. Nc3 c6 4. Nf3 Nf6 5. g3 dxc4 6. Bg2 b5 7. Ne5 a6 8. O-O Bb7
9. a4 Qc8 10. e4 Nbd7 11. Nxd7 Qxd7 12. e5 Nd5 13. Ne4 Nb6 14. a5 Nd5 15. Bg5 h6
16. Bd2 Nb4 17. b3 Qxd4 18. bxc4 Rd8 19. Qh5 Nd3 20. cxb5 cxb5 21. Be3 Qxe5 22.
Qxe5 Nxe5 23. Nf6+ gxf6 24. Bxb7 Rd6 25. Bb6 Nd7 26. Bxa6 Nxb6 27. Bxb5+ Ke7 28.
axb6 f5 29. b7 Bg7 30. Ra8 Rdd8 31. Bc6 Be5 32. Rc1 Rb8 33. Bf3 Rhd8 34. Rc8 Bd6
35. Bc6 Rf8 36. Kg2 f6 37. Kf3 Kf7 38. Ke2 f4 39. g4 f3+ 40. Kxf3 Bxh2 41. Ke4
Bd6 42. Kd4 Ke7 43. Kc4 Rd8 44. Kd3 Be5+ 45. Ke4 Bd6 46. f4 f5+ 47. gxf5 exf5+
48. Kf3 h5 49. Bd5 h4 50. Rc1 h3 51. Re1+ Kd7 52. Ra2 Re8 53. Rd1 Rh8 54. Rc2 h2
55. Bc6+ Ke7 56. Re2+ Kf7 57. Bd5+ Kg7 58. Rg2+ Kf6 59. Rh1 Rh3+ 60. Rg3 Rh4 61.
Ke2 Bxf4 62. Rc3 Re8+ 63. Kf2 Bb8 64. Bf3 Rb4 65. Rhc1 Ba7+ 66. Kf1 Rf4 67. Kg2
Rg8+ 68. Kh3 Rxf3+ 69. Rxf3 Bg1 70. Rc6+ Ke7 0-1